Normal view
MARC view
- Snider, Arthur David,
Entry Personal Name
001 - CONTROL NUMBER
- control field: 34526
003 - CONTROL NUMBER IDENTIFIER
- control field: NUST
005 - DATE AND TIME OF LATEST TRANSACTION
- control field: 20201026124336.0
008 - FIXED-LENGTH DATA ELEMENTS
- fixed length control field: 201026|| aca||aabn | a|a d
040 ## - CATALOGING SOURCE
- Original cataloging agency: NUST
- Transcribing agency: NUST
100 ## - HEADING--PERSONAL NAME
- Personal name: Snider, Arthur David,
- Dates associated with a name: 1940-
670 ## - SOURCE DATA FOUND
- Source citation: Work cat.: (NUST)0: Saff, E. B., & Sanider, Arthur David 1944- 34525, Fundamentals of complex analysis with applications to engineering and science /, c2015.
